| 000 | 00667nam a2200181Ia 4500 | ||
|---|---|---|---|
| 001 | 23976 | ||
| 005 | 20260414151013.0 | ||
| 008 | 260414t1988||||xx |||||||||||||| ||spa|| | ||
| 041 | _aESP | ||
| 082 |
_a734.2446 _bP78 |
||
| 100 |
_aXunta de Galicia. Conselleria de Cultura e Deportes _eAUT |
||
| 245 | 0 |
_aO portigo da gloria e o seu tempo : _bcatálogo da exposición conmemorativa do VIII centenario da colocación os dinteis do Pórtico da Gloria da Catedral de Santiago de Compostela, Santiago, do 16 de setembro ó 17 de novembro de 1988 |
|
| 260 | _c1988 | ||
| 300 |
_a197 páginas : _c22 cm. |
||
| 650 | _aABD | ||
| 654 | _aCAU | ||
| 942 |
_cLIB _dJUS _fJUS _2ddc _n |
||
| 999 |
_c23976 _d23976 |
||